| 000 | 00429nam a2200145Ia 4500 | ||
|---|---|---|---|
| 005 | 20250508154026.0 | ||
| 008 | 008 250505s9999 xx 000 0 eng d | ||
| 037 | _aBooks to be hide in OPAC | ||
| 040 |
_aFEDL _beng _cFEDL |
||
| 041 |
_aeng _2eng |
||
| 084 |
_a001, KNO/O _qFEDL |
||
| 245 | 0 | _aKnowledge: The colour magazine which grows into an encyclopaedia | |
| 942 |
_cHB _h001, KNO/O |
||
| 999 |
_c1347129 _d1347129 |
||